|
|
|
|
| LEADER |
00000cam a2200000 a 4500 |
| 001 |
vtls010483137 |
| 003 |
SK-MaSNL |
| 005 |
20260301133024.0 |
| 008 |
240314s2012 xo ao g 000 h slo |
| 015 |
|
|
|a SNBA20134/04
|
| 020 |
|
|
|a 9788089501106
|q (viaz.)
|
| 035 |
|
|
|a urn:nbn:sk:snk-am00a10h
|
| 035 |
|
|
|a urn:nbn:sk:snk-am3hcp1
|
| 035 |
|
|
|a D8B0C104-D760-473B-94FF-4D5C7F471F1D
|
| 040 |
|
|
|a SNK
|b slo
|c SNK
|e AACR2
|
| 041 |
0 |
|
|a slo
|
| 044 |
|
|
|a xo
|c SK
|
| 072 |
|
7 |
|a 74
|x Kresba. Umelecké remeslá
|2 konspekt
|
| 080 |
|
|
|a 741.5
|2 2001
|
| 080 |
|
|
|a 745.1.071.1
|2 2001
|
| 080 |
|
|
|a (048.8)
|2 2001
|
| 100 |
1 |
|
|a Pavlík, Vladimír,
|d 1951-
|4 aut
|9 247867
|
| 245 |
1 |
0 |
|a Kreslený humor
|c Vladimír Pavlík
|
| 250 |
|
|
|a 1. vyd.
|
| 260 |
|
|
|a Nové Mesto nad Váhom
|b [s.n.]
|c 2012
|
| 300 |
|
|
|a 155 s.
|b fareb. ilustr., fotogr.
|c 21x23 cm
|
| 500 |
|
|
|a Biogr. údaje. Názov z obalu
|
| 600 |
1 |
7 |
|a Pavlík, Vladimír,
|d 1951-
|2 SNKMA
|9 247867
|
| 650 |
0 |
7 |
|a Caricaturists
|2 SVKPHeng
|9 326802
|
| 650 |
0 |
7 |
|a Pictorial humor
|2 SNKPHeng
|9 334444
|
| 650 |
0 |
7 |
|a karikaturisti
|2 SNKPH
|9 3084
|
| 650 |
0 |
7 |
|a kreslený humor
|2 SNKPH
|9 1766
|
| 655 |
|
7 |
|a prehľady
|2 SNKPH
|9 70194
|
| 655 |
|
7 |
|a Surveys
|2 SNKPHeng
|9 266058
|
| 852 |
|
|
|a Štátna vedecká knižnica v Banskej Bystrici
|
| 919 |
|
|
|a 978-80-89501-10-6
|
| 999 |
|
|
|c 752602
|d 754532
|
| 952 |
|
|
|a SNK
|b SNK
|y PREZ
|7 0
|p 17A1063709
|o snkSC 153177
|i snk2013/4065
|8 0
|0 0
|1 0
|4 0
|d 2013-02-19
|f 1
|l 0
|r 2025-07-23 00:00:00
|w 2026-02-23
|
| 952 |
|
|
|a SNK
|b SNK
|y VYP
|7 0
|p 17A1063710
|o snkSC 153177 D1
|i snk2013/4066
|8 0
|0 0
|1 0
|4 0
|d 2013-02-19
|l 0
|r 2026-02-23 23:37:40
|w 2026-02-23
|